Follow That Line: Arrested Development Quiz Stats

 Plays Quiz Updated Nov 8, 2018

Support Sporcle.
Go Orange.
Score 0/25 Timer 07:00
1 Play Today
% Correct
Illusions, Dad. You don’t have time for my illusions.
92.4%
And a piece of toast.
90.8%
Ann-hog's coming?
90.8%
It's a hug, Michael. I'm hugging you.
90.7%
Dad always said that was your fault.
90.3%
Very proud…minus.
89.6%
Family, right. I thought you meant of the things you eat.
89.2%
Dry them.
87.5%
No, that’s fine. I second the sanctuary, but with the clause of silence.
86.4%
Army had half a day.
84.1%
That’s my son, you pothead.
83.4%
There really has got to be a better way to say that
83%
…Her?
81%
% Correct
Salad dressing, I think. But for some reason, I don’t want to eat it.
80.1%
Krindy.
75.4%
Don't call it that.
74.8%
I’ve got a really good body, so… no.
74.3%
I don't understand the question, and I won't respond to it.
72.2%
Really? Did 'nothing' cancel?
69.5%
You can always tell a Milford man.
65.7%
Wow. You should be the lawyer.
64.3%
I've made a huge mistake.
60%
Oh. No, I doubt that very much.
58.7%
I didn't want to say that when you were talking to Egg.
56%
I was in trouble, like, three words into that.
52.3%

You're not logged in!

Compare scores with friends on all Sporcle quizzes.
OR
Log In
Forgot?

From the Vault

-oop Definitions

by NO_r_WAY

Is this quiz where Kanye got the inspiration for the lyrics to Lift Yourself?
Remove Ads.
Support Sporcle.
Get the best of Sporcle when you Go Orange. This ad-free experience offers more features, more stats, and more fun while also helping to support Sporcle. Thank you for becoming a member.

Show Comments

Extras

Top Quizzes Today


Score Distribution

Your Account Isn't Verified!

In order to create a playlist on Sporcle, you need to verify the email address you used during registration. Go to your Sporcle Settings to finish the process.

Report this User

Report this user for behavior that violates our Community Guidelines.

Details: